Операционные усилители: пер. с англ.

Detalles Bibliográficos
Autor principal: Достал И. Иржи
Lenguaje:ruso
Publicado: Москва, Мир, 1982
Materias:
Formato: MixedMaterials Libro
KOHA link:https://koha.lib.tpu.ru/cgi-bin/koha/opac-detail.pl?biblionumber=54138

MARC

LEADER 00000nam0a2200000 4500
001 54138
005 20231101211453.0
035 |a (RuTPU)RU\TPU\book\56750 
090 |a 54138 
100 |a 20030630d1982 km y0rusy50 ca 
101 1 |a rus  |c eng 
102 |a RU 
105 |a a z 001zy 
200 1 |a Операционные усилители  |e пер. с англ.  |f И. Достал 
210 |a Москва  |c Мир  |d 1982 
215 |a 512 с.  |c ил. 
320 |a Библиогр. в конце глав. 
320 |a Предм. указ.: с. 506-509. 
606 1 |a Операционные усилители  |2 stltpush  |3 (RuTPU)RU\TPU\subj\47062  |9 66129 
610 1 |a построение 
610 1 |a применение 
610 1 |a теория 
610 1 |a схемотехника 
610 1 |a типы 
610 1 |a параметры 
610 1 |a схемы 
675 |a 621.375.13  |v 3 
700 1 |a Достал  |b И.  |g Иржи 
801 1 |a RU  |b 63413507  |c 20030630  |g PSBO 
801 2 |a RU  |b 63413507  |c 20210906  |g PSBO 
942 |c BK